00654nam a2200193 a 4500001001000000005001700010008004100027041000800068044000600076050002200082100002000104245018600124260003300310300002400343500000900367650003200376650002500408700002700433BRCA_796220190320210054.0100314s1970----u--a###f##---#000-0#eng-# aeng au 4aRA781b.P78c19701 aPrudden, Bonnie10aHow to keep slender and fit after thirtybnew revised and enlarged edition, including the latest on aerobics, isometrics and joggingcBonnie Pruden ; photographs by Charles Stewart. aNueva YorkbPocketbookc1970 a302 p.bil.c18 cm. a312514aEjercicio físicovAdultos14aEducación física1 aStewart, Charlesefot.